000 00946cas a22002657a 4500
005 20231010062645.0
008 000621d1986 us qr pernn 0 b1eng d
010 _a81655
011 _a82627
035 _a93126
245 0 4 _aThe Common Property Resources Digest
_c/University of Minnesota. Center for International Food and Agricultural Policy
260 0 _aSaint Paul, Minnesota :
_bUniversity of Minnesota. Department of Agricultural and Applied Economics,
_c1986-
300 _av.
310 _aCuatrimestral
362 _an.24, 1992
590 _aBATCH-UPD
_b10
_c20130110
_lUCH01
_h0214
590 _aBATCH-UPD
_b10
_c20130409
_lUCH01
_h2230
590 _aBATCH-UPD
_b10
_c20130913
_lUCH01
_h2116
590 _aCONVERSION
_b10
_c20130109
_lUCH01
_h1345
650 1 7 _aAgricultura
_xPublicaciones periódicas
_2
_91772
866 _an.1-18 (1986-1991)
866 _an.21,23-25 (1992)
901 _aSE
905 _aLilia Sánchez G.
999 _c81655
_d81655